[Event "GER-chT U14 Girls"]
[Site "Neumuenster"]
[Date "2019.12.29"]
[Round "6.5"]
[White "Krasikova, Milana"]
[Black "Moradi, Yakta"]
[Result "0-1"]
[WhiteElo "1082"]
[BlackElo "1257"]
[PlyCount "94"]
[EventDate "2019.12.27"]
[EventType "team-swiss"]
[EventRounds "7"]
[EventCountry "GER"]
[SourceTitle "CBM 194 Extra"]
[Source "ChessBase"]
[SourceDate "2020.03.31"]
[SourceVersion "1"]
[SourceVersionDate "2020.03.31"]
[SourceQuality "1"]
[WhiteTeam "Hamburger SK"]
[BlackTeam "Priestewitz"]
[WhiteTeamCountry "GER"]
[BlackTeamCountry "GER"]

1. e4 e5 2. Nf3 Nc6 3. Nc3 Nf6 4. Bb5 Nd4 5. Ba4 Bc5 6. Nxe5 Qe7 7. Nf3 Nxe4 8. 0-0 Nxc3 9. bxc3 Nxf3+ 10. Qxf3 0-0 11. d4 Bb6 12. Qg3 Qe6 13. f3 Qg6 14. Qxg6 fxg6 15. Ba3 Rf5 16. Bb3+ d5 17. Rfe1 Bd7 18. c4 Bxd4+ 19. Kf1 Bxa1 20. Rxa1 Re8 21. cxd5 Kh8 22. c4 Rfe5 23. c5 Bb5+ 24. Kg1 Re1+ 25. Rxe1 Rxe1+ 26. Kf2 Re2+ 27. Kg3 h5 28. d6 cxd6 29. cxd6 Rd2 30. Be6 Bc6 31. h3 b6 32. Bb4 Rd4 33. Ba3 a5 34. Bf7 Kh7 35. Kf2 Rd3 36. Bb2 Rd2+ 37. Ke3 Rxb2 38. Be6 Rxg2 39. d7 Bxd7 40. Bxd7 Rxa2 41. h4 Rh2 42. f4 Rxh4 43. f5 gxf5 44. Bxf5+ Kh6 45. Kd3 Rb4 46. Kc3 Kg5 47. Be4 Rxe4 0-1

[Event "GER-chT U14 Girls"]
[Site "Neumuenster"]
[Date "2019.12.28"]
[Round "3.5"]
[White "Striebeck, Liv"]
[Black "Moradi, Yakta"]
[Result "0-1"]
[WhiteElo "790"]
[BlackElo "1257"]
[PlyCount "184"]
[EventDate "2019.12.27"]
[EventType "team-swiss"]
[EventRounds "7"]
[EventCountry "GER"]
[SourceTitle "CBM 194 Extra"]
[Source "ChessBase"]
[SourceDate "2020.03.31"]
[SourceVersion "1"]
[SourceVersionDate "2020.03.31"]
[SourceQuality "1"]
[WhiteTeam "Harksheide"]
[BlackTeam "Priestewitz"]
[WhiteTeamCountry "GER"]
[BlackTeamCountry "GER"]

1. e4 e5 2. Nc3 Nc6 3. Nf3 Nf6 4. Bb5 Bc5 5. d3 Ng4 6. 0-0 0-0 7. Bg5 Be7 8. Bxe7 Qxe7 9. Nd5 Qd8 10. Qd2 Nf6 11. Nc3 a6 12. Bc4 Na5 13. b3 Nxc4 14. bxc4 d6 15. h3 Bd7 16. Rab1 Bc6 17. Rfe1 Qd7 18. Nd5 Qd8 19. Rb2 b6 20. a3 a5 21. Rbb1 Bd7 22. Re3 Rb8 23. Ne1 c6 24. Nc3 Nh5 25. Nf3 h6 26. Rb2 Rb7 27. g4 Nf6 28. Ne2 Qc8 29. Nh4 Nh7 30. Nf5 Bxf5 31. exf5 f6 32. f4 Re8 33. fxe5 dxe5 34. Ng3 Qd8 35. Ne4 Rb8 36. c3 Qe7 37. a4 Ng5 38. Nf2 Nf7 39. d4 Nd6 40. Qd3 Qf7 41. Ree2 Nxc4 42. Rb3 Nd6 43. Qc2 exd4 44. Rxe8+ Qxe8 45. cxd4 Qd7 46. Qe2 b5 47. Kg2 Qf7 48. Qe3 Re8 49. Qd3 Qd5+ 50. Qf3 Qxf3+ 51. Kxf3 bxa4 52. Ra3 Ra8 53. Rxa4 Kh7 54. Nd3 g6 55. Kf4 gxf5 56. gxf5 Nc8 57. Nb2 Nd6 58. Ra3 Nb5 59. Ra4 Nc3 60. Ra3 Ne2+ 61. Ke4 Re8+ 62. Kd3 Nf4+ 63. Kc4 Re2 64. Na4 Rc2+ 65. Rc3 Rh2 66. Kb3 Rxh3 67. Nb2 Rxc3+ 68. Kxc3 h5 69. Nd1 h4 70. Nf2 Kh6 71. Kb3 Kg5 72. Ka4 Kxf5 73. Kxa5 Ke6 74. Kb4 Kd5 75. Kc3 Ne2+ 76. Kd3 Nxd4 77. Ke3 c5 78. Kd2 c4 79. Kc3 Ne2+ 80. Kb4 Nf4 81. Ng4 Kd4 82. Nxf6 h3 83. Ng4 c3 84. Kb5 c2 85. Nf2 c1Q 86. Nxh3 Qc4+ 87. Kb6 Kd5 88. Nxf4+ Qxf4 89. Kb5 Qc4+ 90. Ka5 Qb3 91. Ka6 Kc6 92. Ka5 Qb5# 0-1